000 00683nam a2200289Ia 4500
005 20260324121741.0
008 008 260324s9999 xx 000 0 eng d
020 _a9780203070307
037 _aEBOOK
040 _aCRL
040 _beng
040 _cCRL
041 _2eng
041 _aeng
084 _qCRL
100 _aElizabeth Nathanson
_91163726
245 0 _aTelevision and Postfeminist Housekeeping
245 0 _bNo Time for Mother
260 _bTaylor and Francis
260 _c2013
365 _a
365 _b255
856 _uhttp://www.taylorfrancis.com/books/9780203070307
942 _cEBOOK
999 _c1756022
_d1756022